LEADER 01623nam 2200517Ia 450 001 9910780241103321 005 20230607214130.0 010 $a0-7914-8806-3 010 $a0-585-48300-0 035 $a(CKB)111087027856342 035 $a(OCoLC)61367524 035 $a(CaPaEBR)ebrary10587294 035 $a(SSID)ssj0000118212 035 $a(PQKBManifestationID)11133248 035 $a(PQKBTitleCode)TC0000118212 035 $a(PQKBWorkID)10050269 035 $a(PQKB)11556015 035 $a(MiAaPQ)EBC3408095 035 $a(OCoLC)53924731 035 $a(MdBmJHUP)muse5913 035 $a(Au-PeEL)EBL3408095 035 $a(CaPaEBR)ebr10587294 035 $a(EXLCZ)99111087027856342 100 $a20020308d2002 ub 0 101 0 $aeng 135 $aurcn||||||||| 181 $ctxt 182 $cc 183 $acr 200 10$aCaring for the soul in a postmodern age$b[electronic resource] $epolitics and phenomenology in the thought of Jan Patoc?ka /$fEdward F. Findlay 210 $aAlbany $cState University of New York Press$dc2002 215 $a1 online resource (267 p.) 300 $aBibliographic Level Mode of Issuance: Monograph 311 $a0-7914-5485-1 320 $aIncludes bibliographical references (p. 241-249) and index. 606 $aPhilosophy, Modern 615 0$aPhilosophy, Modern. 676 $a199/.437 700 $aFindlay$b Edward F.$f1965-$01548268 801 0$bMiAaPQ 801 1$bMiAaPQ 801 2$bMiAaPQ 906 $aBOOK 912 $a9910780241103321 996 $aCaring for the soul in a postmodern age$93805156 997 $aUNINA LEADER 00930cam2 22002771 450 001 SOBE00083005 005 20250529152942.0 100 $a20250508d1964 |||||ita|0103 ba 101 $aita 102 $aIT 200 0 $a1$fDenis Mack Smith 210 $aBari$cLaterza$d$d1964 215 $a414 p.$d21 cm 225 2 $aUniversale Laterza$v1 410 1$1001LAEC00016559$12001 $a*Universale Laterza$v1 461 1$1001SOBE00083004$12001 $aStoria d'Italia dal 1861 al 1958 / Denis Mack Smith 700 1$aMack Smith$b, Denis$3A600200041390$4070$0134866 801 0$aIT$bUNISOB$c20250529$gRICA 850 $aUNISOB 852 $aUNISOB$jFondo|Calì$m182678 912 $aSOBE00083005 940 $aM 102 Monografia moderna SBN 941 $aW 957 $aFondo|Calì$b000507$i-1$gSI$d182678$n20250327$hCali$rDono$tN$1rovito$2UNISOB$3UNISOB$420250508071402.0$520250508071515.0$6rovito 996 $a1$94350909 997 $aUNISOB